000 00545nam a2200181Ia 4500
005 20250326123448.0
008 250326s9999 xx 000 0 und d
037 _aTextbook
040 _aFMSL
_beng
_cFMSL
041 _aeng
_2eng
084 _aX8(A).44 M21
_qFMSL
100 _aChaturvedi T.n.
245 0 _aTransfer of Technology among devloping countries
_cChaturvedi T.n.
260 _aNew Delhi
_bNew Delhi, Gianjali Publishing House
_c1982
300 _a102p
942 _cTB
_hX8(A).44 M21
999 _c1269464
_d1269464